000 00572nam a2200241Ia 4500
005 20250425162753.0
008 250425s9999 xx 000 0 und d
020 _a9978721290
041 _aspa
043 _aec
082 _a868.69866
100 _aSACOTO ARIAS, AUGUSTO
245 0 _aOBRAS COMPLETAS
250 _aS.E.
260 _aEcuador
_bBANCO CENTRAL DEL ECUADOR
_c1993
260 _aQUITO
300 _a480
650 _aCRITICA LITERARIA
650 _aLITERATURA ECUATORIANA
650 _aPOESIA ECUATORIANA
942 _c01
010 _a107421
999 _c236089
_d236089